LIBRARY & INFORMATION CENTRE, KCAET, TAVANUR

ONLINE PUBLIC ACCESS CATALOGUE (OPAC)

Communication Technology in Agriculture (Record no. 14596)

MARC details
000 -LEADER
fixed length control field 00295nam a22001217a 4500
020 ## - INTERNATIONAL STANDARD BOOK NUMBER
ISBN 9788176222952
082 ## - DEWEY DECIMAL CLASSIFICATION NUMBER
Classification number 630.14
Item number SUD/CO
100 ## - MAIN ENTRY--AUTHOR NAME
Personal name Sudhir Pradhan
245 ## - TITLE STATEMENT
Title Communication Technology in Agriculture
260 ## - PUBLICATION, DISTRIBUTION, ETC. (IMPRINT)
Place of publication New Delhi
Name of publisher Biotech Books
Year of publication 2014
300 ## - PHYSICAL DESCRIPTION
Number of Pages 224
942 ## - ADDED ENTRY ELEMENTS (KOHA)
Koha item type Books
Holdings
Withdrawn status Lost status Damaged status Collection code Home library Current library Shelving location Date acquired Source of acquisition Cost, normal purchase price Full call number Accession Number Koha item type
        KAUAET KAUAET General Stacks 19/07/2016 Ganesh Book Centre 1100.00 630.14. SUD/CO 24848 Books
free website counter